[Event "Niedersachsen-ch Seniors op 11th"]
[Site "Bad Bevensen"]
[Date "2008.07.11"]
[Round "4"]
[White "Ahrens, Gerhard"]
[Black "Gollasch, Theo Heinz"]
[Result "1/2-1/2"]
[WhiteElo "1803"]
[BlackElo "2015"]
[PlyCount "101"]
[EventDate "2008.07.08"]
[EventType "swiss"]
[EventRounds "9"]
[EventCountry "GER"]
[SourceTitle "EXT 2022"]
[Source "ChessBase"]
[SourceDate "2021.10.06"]
[SourceVersion "1"]
[SourceVersionDate "2021.10.06"]
[SourceQuality "1"]

1. e4 d5 2. exd5 Qxd5 3. Nc3 Qd6 4. Nf3 Nf6 5. Be2 g6 6. Nb5 Qb6 7. a4 c6 8. Nc3 Bg7 9. 0-0 a5 10. d4 0-0 11. Rb1 Na6 12. Re1 Nb4 13. Bc4 Bf5 14. Bb3 Qc7 15. h3 Rad8 16. Qe2 Rfe8 17. Ne5 Nfd5 18. Nxd5 cxd5 19. Bf4 Qb6 20. Rbd1 f6 21. Nf3 Kh8 22. Rd2 Nc6 23. Qd1 Be4 24. Be3 g5 25. Nh2 h6 26. c3 e6 27. Bc2 Bxc2 28. Qxc2 Ne7 29. g4 Rg8 30. Rde2 Bf8 31. Nf1 Ng6 32. Bc1 Nh4 33. Nh2 Bd6 34. Re3 Bf4 35. Rd3 Bxc1 36. Qxc1 Ng6 37. Nf1 Nf4 38. Rf3 Qd6 39. Qd2 Rd7 40. Ne3 h5 41. Ng2 hxg4 42. hxg4 e5 43. Nxf4 gxf4 44. Rh3+ Rh7 45. Rxh7+ Kxh7 46. f3 Kg7 47. Re2 Qb6 48. Kg2 Qd6 49. Qe1 Re8 50. Rd2 Rh8 51. c4 1/2-1/2